000 00618nab a2200181 4500
001 244442
003 OSt
005 20231108085127.0
007 tu
008 200917s2020|||||||
040 _aDE-2950
_cDE-2950
245 0 0 _aKritik an Grenzkontrollen
_bMigration. Seit zwei Wochen überwacht die Bundespolizei verstärkt die Grenzen zu Polen. Grüne, Gewerkschaft und IHK halten wenig von der Maßnahme/
_cPhilipp Stepputtis
264 _c2023
653 _aFrankfurt (Oder)
653 _aGrenzkontrollen
773 0 _g34. Jahrgang (2023) Nr. 252 vom 28.10.2023, S. 15: Foto
_tMärkische Oderzeitung
942 _2z
_cA
999 _c372811
_d372811